000 01516nam a2200337 4500
003 EG-GICUC
005 20260121101203.0
008 251110s1993 ua ||||fr|||| 000 0 ara d
017 _a199311263
020 _a9770410942
040 _a EG-GICUC
_bara
_c EG-GICUC
_d EG-GICUC
_erda
041 1 _aara
_hfre
082 0 4 _221
_a257.1
_bم ح . م
092 0 4 _221
099 _aLaw1 01 257.1 م ح . م 1993
100 0 _aمحمد محمد شتا أبو سعد
_eمؤلف.
245 1 0 _aمختصر كتاب الأحكام السلطانية للماوردي /
_cتأليف المستشار الدكتور محمد محمد شتا أبو سعد.
264 1 _aالقاهرة :
_bدار النهضة العربية،
_c1993.
300 _a184 صفحة :
_bصفحات غير مرقمة ؛
_c24 سم.
336 _2rda content
_atext
337 _2rda media
_aComputer
338 _2rda carrier
_aOnline Resource
504 _a. 240-220 ببليوجرافيا: صفحات.
505 _aمع ترجمة فرنسية لكل فقرة من فقراته وعناية خاصة بأبواب ولاية القضاء وولاية المظالم وأحكام الجرائم والحسبة والصلاة والحج والصدقات وإحياء الموت
546 _aالنص باللغتين العربية والفرنسية
650 1 _aالنظم السياسية
_2qrmak
651 1 _2qrmak
856 4 0 _uhttps://fll.law.cu.edu.eg/fulltext/bks/B01-03083.pdf
905 _a62
942 _2ddc
_cBK
_e21
_n0
999 _c42159
_d42159